00340nam a2200121Ia 4500008004100000041000800041082001400049100001800063245006100081260004000142300001900182999001700201241015s9999 xx 000 0 und d aeng a658.5 WHI aWhite/ Bruton aThe Management Of Technology And Innovation With Mindtap bCengage Learning IndiaaDehlic2017 a314;, P. 27 cm c41784d41784